Guess the Taylor Swift Song by the Lyrics #16 - Statistics

General Stats
  • This quiz has been taken 112 times
  • The average score is 84 of 178
Answer Stats
LYRICS % Correct
you
97%
You
97%
(You
97%
a
92%
The
87%
the
87%
we
84%
an
83%
in
78%
In
78%
and
76%
And
76%
on
73%
it
72%
your
72%
are
71%
no
70%
to
70%
To
70%
go
67%
go,
67%
like
61%
You're
61%
for
60%
For
60%
this
55%
have
54%
of
54%
All
53%
all
53%
But
52%
At
48%
time
47%
just
46%
Way
42%
(Way
42%
now
39%
look
38%
will
38%
from
37%
idea
36%
idea)
36%
Out
35%
out
35%
You'll
33%
back
31%
got
31%
down
30%
room
30%
tiger
29%
tiger)
29%
we'll
29%
Long
27%
may
25%
mean
25%
dreams
22%
Higher
22%
higher
22%
(Higher
22%
higher)
22%
keep
22%
regrets
19%
animal
18%
learn
18%
sweetness
18%
window
18%
bed
17%
bounce
17%
cruel
17%
set
17%
swing
17%
trampoline
17%
Wilder
17%
favorite
16%
reign
16%
spot
16%
bloodthirsty
15%
curiosity
15%
roar
15%
ruler
15%
secret
15%
ridiculous
13%
above
12%
dragonflies
12%
nonsense
12%
talking
12%
tied
12%
arrive
11%
dinosaurs
11%
lighter
11%
vowed
11%
Covered
10%
curtail
10%
reach
10%
clocks
9%
deep
9%
mud
9%
panes
9%
utter
9%
Buried
8%
levers
8%
showmanship
7%
Strings
7%
tethered
7%
Slowed-down
6%
No matching quizzes found
Score Distribution
Percent of People with Each Score
Percentile by Number Answered
Your Score History
You have not taken this quiz